000 00357nam a2200121Ia 4500
008 210430s9999 xx 000 0 und d
020 _a9781466598041 | 1466598042
082 _a669.723 Z635M
100 _aYufeng, Zheng,
_954895
245 _aMagnesium alloys as degradable biomaterials /
_cYufeng, Zheng,
300 _axxi, 578 pages :
942 _cREF
_2ddc
999 _c565792
_d565792